Vista normal
Vista MARC
Entrada Personal Name
Número de registros utilizados en: 1
001 - CONTROL NUMBER
- control field: 17375
003 - CONTROL NUMBER IDENTIFIER
- control field: DLC
005 - DATE AND TIME OF LATEST TRANSACTION
- control field: 20250820122536.0
008 - FIXED-LENGTH DATA ELEMENTS
- fixed length control field: 860717n| azannaab |n aaa b
010 ## - LIBRARY OF CONGRESS CONTROL NUMBER
- LC control number: n 85342018
040 ## - CATALOGING SOURCE
- Original cataloging agency: DNLM
- Language of cataloging: spa
- Description conventions: rda
- Transcribing agency: Mx-PuUPA
- Modifying agency: DLC
- Modifying agency: Mx-PuUPA
046 ## - SPECIAL CODED DATES
- Birth date: 1954
100 1# - HEADING--PERSONAL NAME
- Personal name: Gilligan, Stephen G.,
- Dates associated with a name: 1954-
374 ## - OCCUPATION
- Occupation: Autor
375 ## - GENDER
- Gender: hombre
377 ## - ASSOCIATED LANGUAGE
- Language code: eng
670 ## - SOURCE DATA FOUND
- Source citation: His Therapeutic trances, 1986:
- Information found: CIP t.p. (Stephen G. Gilligan, Ph. D.) data sheet (b. 12/26/54)